Non hormonal options in the evulation of male infertility and their therapeutic consequences

Elmentve itt :
Bibliográfiai részletek
Szerző: Kopa Zsolt
További közreműködők: Szöllősi János (Témavezető)
Dokumentumtípus: Disszertáció
Megjelent: 2006
Tárgyszavak:
mtmt:2235390
Online Access:http://doktori.ek.szte.hu/459
LEADER 00761nta a2200193 i 4500
001 dokt459
005 20200129084751.0
008 100510s2006 hu om 0|| eng d
024 7 |a 2235390  |2 mtmt 
040 |a SZTE Doktori Repozitórium  |b hun 
041 |a eng 
100 1 |a Kopa Zsolt 
245 1 0 |a Non hormonal options in the evulation of male infertility and their therapeutic consequences  |h [elektronikus dokumentum] /  |c  Kopa Zsolt 
260 |c 2006 
502 |a Disszertacio 
650 4 |a klinikai orvostudományok 
700 1 |a Szöllősi János  |e ths 
856 4 0 |u https://doktori.bibl.u-szeged.hu/id/eprint/459/1/2005_kopa_zsolt.pdf  |z Dokumentum-elérés  
856 4 0 |u https://doktori.bibl.u-szeged.hu/id/eprint/459/2/2005_kopa_zsolt_publikaciok.pdf  |z Dokumentum-elérés